Statistiques concernant Tous les pokémon de Lucio

Cliquez ici pour prendre le quiz!

Statistiques générales

  • Ce quiz a été pris 20 fois
  • Le résultat moyen est 6 sur 8

Statistiques - réponses

HintRéponse% Correct
Alakazam
93%
Archéodong
93%
Diamant & PerleM. Mime
93%
PlatineMentali
79%
Gallame
71%
Charmina
64%
Girafarig
64%
Diamant étincelant
& Perle scintillante
Flagadoss
50%

Distribution des résultats

Percentile par nombre de réponses

% des personnes avec chaque résultat

Votre développement - résultats

Vous n’avez pas pris ce quiz